• 首页
  • 本馆介绍
  • 公告通知
  • 最新文献
  • 馆藏检索
  • 电子资源
  • 读者导购
  • 参考咨询
  • 我的图书馆
  • 登录
  • 详细信息显示
  • 放入我的书架
  • 预约/预借图书
  • 作者相关作品
  • 分类相关作品
  • 丛书相关作品
  • 出版社相关作品

书目信息

  • 表格格式
  • 工作单格式
  • 卡片格式
题名:
东史郎日记
    
 
作者: 东史郎 著
分册:  
出版信息: 南京   江苏教育出版社  1999
页数: 505页
开本: 21cm
丛书名:
单 册:
中图分类: K265.606 , K264
科图分类:
主题词: 南京大屠杀--史料
电子资源:
ISBN: 7-5343-3481-0
000 00675nam0 2200229 450
001 1537566851
005 20170926152731.43
010    @a7-5343-3481-0@b精装@dCNY25.00
100    @a20021005d1999 em y0chiy0110 ea
101 1  @achi@cjpn
102    @aCN@b320000
105    @afb z 000zd
200 1  @a东史郎日记@9dong shi lang ri ji@f(日)东史郎著@g本书翻译组译
210    @a南京@c江苏教育出版社@d1999
215    @a505页@c照片及地图@d21cm
600  0 @a东史郎@f(1912-2006)@x日记
606 0  @a南京大屠杀@x史料
690    @aK265.606@v5
690    @aK264@v4
701  0 @c(日)@a东史郎@9dong shi lang@f(1912~2006)@4著
801  0 @aCN@bTSSF@c20150118
905    @aZUCC@dK264@eJY21
    
    东史郎日记/(日)东史郎著/本书翻译组译.-南京:江苏教育出版社,1999
    505页:照片及地图;21cm
    
    
    ISBN 7-5343-3481-0(精装):CNY25.00
    
●
相关链接 在E读中查询图书 在五车中查询图书 在当当中查询图书 在豆瓣中查询图书


正题名:东史郎日记     索取号:K264/JY21         预约/预借

序号 登录号 条形码 馆藏地/架位号 状态 备注
1 7852244   278522449   学院路分馆/ [索取号:K264/JY21] 在馆    
2 7852245   278522458   学院路分馆/ [索取号:K264/JY21] 在馆    
唐山师范学院图书馆 欢迎您!
大连网信软件有限公司© 版权所有